000 00518nam a22001577a 4500
082 _a540
100 _aKhan, Rabia.
245 _aSynthesis and Characterization of Carbon Dots Modified Cobalt Telluride for Photocatalytic Applications
_cRabia Khan.
260 _aIslamabad:
_bSNS - NUST,
_c2017.
300 _a138 p.: ill,;
_c30cm.
650 _aMS Thesis.
_918721
700 _aDr. Muhammad Fahad Ehsan
_916081
942 _2ddc
_cTHE
999 _c528441
_d528441